000 00585nam a2200205 4500
003 OSt
005 20260530113903.0
008 260422b1971 sp a|||| |||| 00| 0 spa d
040 _aICI
_bspa
_cICI
050 _aTJ1185
_bB38
100 1 _aBartsch, Walter,
_932523
245 1 0 _aHerramientas maquinas trabajo :
_bCon ejemplos y ejercicios.
264 1 _bReverte,
_c1971
_aBarcelona :
300 _a239 páginas
_c22.8 cm
336 _atexto
_2rdacontent
337 _asin medio
_2rdamedia
338 _avolumen
_2rdacarrier
650 4 _aMáquinas herramientas
_932524
942 _2lcc
_cBK
999 _c11855
_d11855